000 00297nam a22001457a 4500
020 _a81-8423-137-7
082 _a910
_bSAN/D
100 _aSANKARAPPILLA, K.G
245 _aDHOORATTH
260 _aTHRISSUR
_bGREEN BOOKS
_c2009
300 _a95
520 _aNOVEL
650 _aNOVEL
942 _cBK
999 _c5239
_d5239